000 00652nam a2200229Ia 4500
003 OSt
005 20220928135108.0
006 a|||||r|||| 00| 0
007 ta
008 220927b |||||||| |||| 00| 0 eng d
024 _a700
037 _cTextual
040 _aSDCL
_cSDCL
_beng
041 _2eng
_aeng
082 _aX.3'N3, L7
100 _aHowson Susan
_9489361
245 0 _aEconomic advisory council 1930-1939
_b A study in economic advice during depression and recovery
260 _c1977
700 _a Winch Donald
_9489362
942 _hX.3'N3, L7
_cTEXL
_2CC
999 _c804658
_d804658